[Event "IECC O email"]
[Site "IECC email"]
[Date "2003.05.21"]
[Round "?"]
[White "Dube, Jonathan A"]
[Black "Gray, Michael A"]
[Result "0-1"]
[WhiteElo "1031"]
[BlackElo "1200"]
[PlyCount "49"]
[EventDate "2003.??.??"]
[EventType "tourn (corr)"]
[EventRounds "6"]
[SourceTitle "Corr 2008"]
[Source "ChessBase"]
[SourceDate "2008.06.24"]
[SourceVersion "1"]
[SourceVersionDate "2008.06.24"]
[SourceQuality "1"]

1. e4 e5 2. d4 exd4 3. Qxd4 Nc6 4. Qd1 Nf6 5. Nc3 d6 6. Nf3 Bg4 7. h3 Bh5 8. g4 Bg6 9. Bd3 Be7 10. Nd5 Nxe4 11. Nc3 Nxc3 12. bxc3 Bxd3 13. Qxd3 Bf6 14. Bg5 Bxg5 15. Nxg5 Qxg5 16. Qe3+ Qxe3+ 17. fxe3 0-0 18. 0-0 Rfe8 19. Rae1 Re4 20. Rf4 Rxf4 21. exf4 g6 22. f5 Ne5 23. fxg6 Nf3+ 24. Kf2 Nxe1 25. Kxe1 0-1

[Event "IECC O email"]
[Site "IECC email"]
[Date "2003.04.16"]
[Round "?"]
[White "Dube, Jonathan A"]
[Black "McGowan, Stephen"]
[Result "0-1"]
[WhiteElo "1050"]
[BlackElo "1000"]
[PlyCount "24"]
[EventDate "2003.??.??"]
[EventType "tourn (corr)"]
[EventRounds "6"]
[SourceTitle "Corr 2008"]
[Source "ChessBase"]
[SourceDate "2008.06.24"]
[SourceVersion "1"]
[SourceVersionDate "2008.06.24"]
[SourceQuality "1"]

1. e4 e5 2. d4 Nc6 3. Nf3 Nf6 4. Nc3 d5 5. Bb5 a6 6. Bxc6+ bxc6 7. dxe5 dxe4 8. exf6 Qxf6 9. Nxe4 Qg6 10. Neg5 Bc5 11. Ne5 Qf6 12. Nexf7 Qxf2# 0-1

[Event "IECC O email"]
[Site "IECC email"]
[Date "2001.10.17"]
[Round "?"]
[White "Martynov, Nikolay"]
[Black "Dube, Jonathan A"]
[Result "0-1"]
[WhiteElo "1018"]
[BlackElo "1034"]
[PlyCount "82"]
[EventDate "2001.??.??"]
[EventType "tourn (corr)"]
[EventRounds "6"]
[SourceTitle "Corr 2008"]
[Source "ChessBase"]
[SourceDate "2008.06.24"]
[SourceVersion "1"]
[SourceVersionDate "2008.06.24"]
[SourceQuality "1"]

1. e4 Nf6 2. e5 Nd5 3. c4 Nb6 4. d4 d6 5. exd6 Qxd6 6. Be3 N6d7 7. Nc3 c6 8. Nf3 e5 9. d5 f5 10. Bd3 e4 11. dxc6 bxc6 12. Bxe4 fxe4 13. Nxe4 Qb4+ 14. Qd2 Qxc4 15. Nc3 Nc5 16. Qe2 Ba6 17. Qxc4 Bxc4 18. 0-0-0 Nd3+ 19. Kc2 Be7 20. Rxd3 Bxd3+ 21. Kxd3 0-0 22. Ne2 Na6 23. Rc1 Rac8 24. a3 Rcd8+ 25. Kc2 c5 26. Ne5 Rc8 27. Ng3 Bd6 28. Nd3 c4 29. Ne1 Bc5 30. Kd2 Bxe3+ 31. Kxe3 Rfe8+ 32. Kd4 Rcd8+ 33. Kc3 Re5 34. Nf3 Rd3+ 35. Kxc4 Rxf3 36. gxf3 Rc5+ 37. Kd3 Rxc1 38. Kd2 Rb1 39. Kc2 Rg1 40. b4 Rg2 41. b5 Rxf2+ 0-1